000 00407nam a2200181Ia 4500
001 15024
005 20260306164957.0
008 260306t1951||||xx |||||||||||||| ||spa||
041 _aESP
082 _a526
_bI454
100 _aImhof, Edouard
_eAUT
245 0 _aTerrain et carte
260 _c1951
300 _a261 páginas :
_c27 cm.
650 _aGEN
654 _aCIC
942 _cLIB
_dJUS
_fJUS
_2ddc
_n
999 _c15024
_d15024